Countries With 2 Letters Missing #1 - Statistics

General Stats
  • This quiz has been taken 51 times
  • The average score is 12 of 13
Answer Stats
Hint Answer % Correct
NGR Niger
100%
CAND Canada
95%
YMN Yemen
95%
IDA India
93%
KIRBAI Kiribati
93%
MOGOLA Mongolia
93%
PARGAY Paraguay
93%
ESTNA Estonia
91%
SI LNKA Sri Lanka
91%
NIARAGA Nicaragua
88%
BAAMA Bahamas
84%
BHRIN Bahrain
81%
IREL Israel
81%
No matching quizzes found
Score Distribution
Percent of People with Each Score
Percentile by Number Answered
Your Score History
You have not taken this quiz